Low-power schottky devices.

Guardado en:
Formato: Libro
Idioma:English
Publicado: [s.l.] : AT&T, 1987.
Materias:
Etiquetas: Agregar Etiqueta
Sin Etiquetas, Sea el primero en etiquetar este registro!
LEADER 00471nam a22001575a 4500
001 EIQ.libpla003866
008 080401s1987####xx#a##########000#0#eng#d
005 20080401180628.0
245 0 0 |a Low-power schottky devices. 
260 |a [s.l.] :  |b AT&T,  |c 1987. 
300 |a xii,109 p. :  |b il. ;  |c 23 cm. 
500 |a "Data book". 
650 4 |a Electronics  |x Logic. 
650 4 |a Electrónica  |x Lógica. 
040 |a AR-BbSID  |b spa  |c AR-BbSID 
859 |a AR-BbSID  |b BIB. PLAPIQUI  |h 621.381 1  |i L 94  |p 4044